STRATEGI for de danske naturskove of andre bevaringsvaerdige skovtyper .

Bibliographic Details
Format: Book
Published: Copenhagen, Denmark : Ministry of the Environment , 1994
Subjects:

MARC

LEADER 00000cam a2200000 7i4500
001 0000002529
005 20030721.0
020 0 0 |a 8760141387 
090 0 0 |a 333.751609489   |b STR 1994 
245 0 0 |a STRATEGI for de danske naturskove of andre bevaringsvaerdige skovtyper .   |l strategy for natural forests and other forest types of high conservation value in Denmark 
260 0 0 |a Copenhagen, Denmark :   |b Ministry of the Environment ,   |c 1994 
300 |a 48 p. :   |b col. ill., col. map ;   |c 22 cm. 
650 0 0 |a Forest conservation   |z Denmark 
998 |a JPSM 
999 |a 0000004350   |b Monograph   |c Open Shelf   |e Default branch